000 00932nam a22002657a 4500
003 LK-CoMWRAF
005 20231213103105.0
008 231213b2001 |||||||| |||| 00| 0 eng d
020 _a9555820198
040 _aLK-CoMWRAF
_dLK-CoMWRAF
_eLK-CoMWRAF
041 _aeng
082 _a303.69
_bDE
100 _a De Silva, C.R.
130 _aA history of ethnic conflict in Sri Lanka: recollection, reinterpretation & reconciliation
245 _a The role of the sangha in the reconciliation process
260 _aColombo:
_b Marga Institute,
_c2001
300 _a34 p. ; 23 cm
490 _aMarga monograph series on ethnic reconciliation
_vno. 16
650 _aBuddhism and social problems- Sri Lanka
650 _aEthnic conflict- Sri Lanka
650 _aReconciliation- Religious aspects- Buddhism
650 _aTamil (Indic people)- Sri Lanka- Politics and government
700 _aBartholomeusz, T.
942 _cBK
999 _c4389
_d4389